All 10k+ cities in Delaware on a Map - Statistics

General Stats
  • This quiz has been taken 111 times
  • The average score is 4 of 6
Answers on the Map
Answers color-coded by a green-red scale on the quiz's map according to % correct below.
 
Answer Stats
City Population % Correct
Dover 39,403
100%
Wilmington 70,898
93%
Newark 30,601
70%
Middletown 23,192
54%
Smyrna 12,883
53%
Milford 11,190
42%
No matching quizzes found
Score Distribution
Percent of People with Each Score
Percentile by Number Answered
Your Score History
You have not taken this quiz